La Ciudad de Barcelona en tiempo de los Reyes Católicos / por Felio A. Vilarrubias
Descripción Física:
8 p. : il. ; 31 cm
Materias:
Barcelona -- Història -- S. XV
MARC
| LEADER | 00000nam a2200000Ia 4500 | ||
|---|---|---|---|
| 001 | 8294 | ||
| 008 | 160829s1956] xx 000 0 cat d | ||
| 080 | |a FU-23-24 | ||
| 100 | 1 | |a Vilarrubias Solanes, Felio A. |9 50554 | |
| 245 | |a La Ciudad de Barcelona en tiempo de los Reyes Católicos / por Felio A. Vilarrubias | ||
| 260 | |a Barcelona : |b [Diputació de Barcelona, |c 1956] | ||
| 300 | |a 8 p. : |b il. ; |c 31 cm | ||
| 590 | |a Separata de: San Jorge ; núm. 22 (1956) | ||
| 650 | |a Barcelona |x Història |x S. XV |9 25646 | ||
| 710 | 1 | |a Barcelona (Catalunya : Província). |b Diputació |9 52408 | |
| 856 | 4 | |u https://media.diba.cat/diba/fitxers/arxiu/fulletons/bib_8294_baixa.pdf |y Accés lliure | |
| 856 | 4 | |u https://media.diba.cat/diba/fitxers/arxiu/fulletons/bib_8294_baixa.pdf |y Accés lliure | |
| 901 | |a Arxiu | ||
| 942 | |n 1 |2 udc | ||
| 952 | |0 0 |1 0 |4 0 |6 FU2324 |7 1 |9 43719 |a Arxiu |b Arxiu |d 2016-12-01 |l 0 |o FU-23-24 |p 8294 |r 2016-12-01 00:00:00 |w 2016-12-01 |y ARXIU | ||
| 999 | |c 46267 |d 46267 | ||
| 900 | |a bib_8294_baixa.pdf | ||